| 000 | 00484nam a22001697a 4500 | ||
|---|---|---|---|
| 999 |
_c40569 _d40569 |
||
| 003 | OSt | ||
| 005 | 20201118102324.0 | ||
| 008 | 191011b ||||| |||| 00| 0 eng d | ||
| 020 | _a9778126476572 | ||
| 040 | _coclc | ||
| 082 |
_a894.8123 _bNOR/A |
||
| 100 |
_aNoronha, Francis _96696 |
||
| 245 |
_aAsaranarute Suvisesham / _cFrancis Noronha |
||
| 260 |
_aKottayam: _bD C Books, _c2019. |
||
| 300 | _a247p | ||
| 942 |
_2ddc _cBK _h894.8123 _iNOR/A _k894.8123 _mNOR/A |
||